| 000 | 00406cam a2200169ua 4500 | ||
|---|---|---|---|
| 020 | _c12.00 | ||
| 041 |
_aeng _h |
||
| 082 |
_a823.308 _bEDW/LO |
||
| 100 | _aEdwards, Lionel . | ||
| 245 |
_aLorna Doone / _cLionel Edwards. _hTextual Documents |
||
| 260 |
_aLondon : _bJ M Dent and Sons Ltd , _c1961. |
||
| 300 | _a497 ; . | ||
| 365 | _a12.00 | ||
| 504 | _a | ||
| 942 | _cBK | ||
| 999 |
_c3135 _d3135 |
||